000 01891cam a22003491i 4500
003 SA-RiAUC
005 20241014143900.0
008 241014s2003 ts g b f000 0 ara c
040 _aJO-IrYU
_bara
_cSA-RiAUC
_erda
050 4 _b.M36 2003
082 0 4 _a234.6
090 _a234.6
_b م م د
100 1 _aممدوح، محمود سعيد محمد
_eمؤلف.
245 1 2 _aالاحتفال بمعرفة الرواة الثقات الذين ليسوا في تهذيب الكمال /
_cمحمود سعيد ممدوح ؛ استخرج نصوصه صفاء الدين عبد الرحمن، علي بن محمد العيدروس.
264 1 _aدبي، الإمارات العربية المتحدة :
_bدار البحوث للدراسات الإسلامية وإحياء التراث،
_c2003
300 _a4 مجلد ؛
_c24 سم.
336 _aنص
_btxt
_2rdacontent
_3كتاب
337 _aبدون وسيط
_bn
_2rdamedia
338 _aمجلد
_bnc
_2rdacarrier
490 1 _aالدراسات الحديثية ؛
_v6
504 _aيشتمل على إرجاعات ببليوجرافية.
650 7 _aالحديث
_xتراجم الرواة
_2aucsh
700 1 _aتوفيق، صفاء الدين عبد الرحمن
_eمعد.
700 1 _aالعيدروس، علي محمد حسين
_eمعد.
700 1 2 _aالحافظ المزي، يوسف بن عبد الرحمن بن يوسف،
_d654-742 هجري.
_tتهذيب الكمال في أسماء الرجال
700 1 2 _aالجماعيلي، عبد الغني بن عبد الواحد بن علي،
_d541-600 هجري.
_tالكمال في أسماء الرجال
740 2 2 _aالكمال في أسماء الرجال.
740 0 2 _aتهذيب الكمال في أسماء الرجال.
830 2 _aالدراسات الحديثية
_v6
942 _2ddc
_cBOOK
_n0
949 _aSA-JeALM
_d241014
_umohamedma123
_n1
999 _c1312
_d1312